000 00299nam a22001337a 4500
008 170613b xxu||||| |||| 00| 0 eng d
020 _a9780262023283
041 _aeng
080 _a94(4(
100 _a19
101 _aSHP
245 _aREFORMAN EASTERN EUROPE
_cBLANCHARD.O
942 _2udc
_cBK
999 _c17190
_d17190